Statystyki dla Flagi wszystkich państw w kolejności losowej

Kliknij tutaj aby rozwiązać quiz!

Ogólne statystyki

  • Ten quiz został rozwiązany 35 razy
  • Średni wynik to 164 z 196

Statystyki odpowiedzi

Odpowiedź% Poprawnych
Andora
100%
Arabia Saudyjska
100%
Argentyna
100%
Australia
100%
Belgia
100%
Białoruś
100%
Brazylia
100%
Bułgaria
100%
Chiny
100%
Chorwacja
100%
Cypr
100%
Czechy
100%
Dania
100%
Egipt
100%
Estonia
100%
Finlandia
100%
Francja
100%
Gruzja
100%
Hiszpania
100%
Holandia
100%
Irlandia
100%
Islandia
100%
Izrael
100%
Japonia
100%
Kanada
100%
Katar
100%
Kazachstan
100%
Kolumbia
100%
Korea Północna
100%
Łotwa
100%
Meksyk
100%
Niemcy
100%
Norwegia
100%
Polska
100%
Portugalia
100%
Rosja
100%
Rumunia
100%
San Marino
100%
Serbia
100%
Słowacja
100%
Stany Zjednoczone
100%
Szwajcaria
100%
Szwecja
100%
Turcja
100%
Ukraina
100%
Wielka Brytania
100%
Wietnam
100%
Włochy
100%
Albania
94%
Algieria
94%
Austria
94%
Bośnia i Hercegowina
94%
Chile
94%
Czarnogóra
94%
Grecja
94%
Indie
94%
Indonezja
94%
Iran
94%
Jamajka
94%
Korea Południowa
94%
Kosowo
94%
Liechtenstein
94%
Litwa
94%
Luksemburg
94%
Macedonia Północna
94%
Maroko
94%
Mołdawia
94%
Monako
94%
Nigeria
94%
Nowa Zelandia
94%
Pakistan
94%
Panama
94%
Republika Południowej Afryki
94%
Słowenia
94%
Syria
94%
Tunezja
94%
Urugwaj
94%
Watykan
94%
Węgry
94%
Wenezuela
94%
Wybrzeże Kości Słoniowej
94%
Armenia
88%
Bangladesz
88%
Bhutan
88%
Demokratyczna Republika Konga
88%
Ekwador
88%
Filipiny
88%
Ghana
88%
Irak
88%
Kamerun
88%
Kenia
88%
Kostaryka
88%
Liberia
88%
Malta
88%
Paragwaj
88%
Peru
88%
Senegal
88%
Uzbekistan
88%
Afganistan
81%
Angola
81%
Azerbejdżan
81%
Bahrajn
81%
Benin
81%
Burkina Faso
81%
Czad
81%
Dominikana
81%
Kuba
81%
Liban
81%
Malezja
81%
Mali
81%
Mongolia
81%
Nepal
81%
Seszele
81%
Somalia
81%
Tajlandia
81%
Trynidad i Tobago
81%
Turkmenistan
81%
Uganda
81%
Zjednoczone Emiraty Arabskie
81%
Barbados
75%
Belize
75%
Botswana
75%
Dżibuti
75%
Eswatini
75%
Fidżi
75%
Gabon
75%
Gwatemala
75%
Haiti
75%
Honduras
75%
Kambodża
75%
Kirgistan
75%
Kiribati
75%
Kuwejt
75%
Laos
75%
Madagaskar
75%
Mikronezja
75%
Mjanma
75%
Niger
75%
Palau
75%
Singapur
75%
Sri Lanka
75%
Togo
75%
Zimbabwe
75%
Boliwia
69%
Brunei
69%
Burundi
69%
Erytrea
69%
Etiopia
69%
Gambia
69%
Gwinea Równikowa
69%
Jemen
69%
Jordania
69%
Komory
69%
Kongo
69%
Lesotho
69%
Libia
69%
Malawi
69%
Mozambik
69%
Namibia
69%
Nauru
69%
Nikaragua
69%
Oman
69%
Papua Nowa Gwinea
69%
Republika Środkowoafrykańska
69%
Rwanda
69%
Salwador
69%
Sierra Leone
69%
Tadżykistan
69%
Tajwan
69%
Tanzania
69%
Wyspy Marshalla
69%
Wyspy Zielonego Przylądka
69%
Zambia
69%
Antigua i Barbuda
63%
Bahamy
63%
Dominika
63%
Grenada
63%
Gujana
63%
Gwinea Bissau
63%
Malediwy
63%
Mauretania
63%
Saint Kitts i Nevis
63%
Saint Lucia
63%
Saint Vincent i Grenadyny
63%
Samoa
63%
Sudan
63%
Sudan Południowy
63%
Surinam
63%
Timor Wschodni
63%
Tonga
63%
Vanuatu
63%
Wyspy Salomona
63%
Wyspy Świętego Tomasza i Książęca
63%
Gwinea
56%
Mauritius
56%
Tuvalu
56%

Rozkład punktacji

Percentyl według liczby udzielonych odpowiedzi

Procent ludzi z każdym wynikiem

Twoja historia wyników

Nie rozwiązałeś tego quizu